00545nam a2200145Ia 4500008004100000100001400041245009300055245006400148260000900212300001000221650001300231856006300244999001900307952007300326170221s9999 xx 000 0 und d aXin Chang aIndustry Expertise, Information Leakage and the Choice of M&A Advisors (pages 191–225) cXin Chang, Chander Shekhar, Lewis H. K. Tam and Jiaquan Yao c2015 a4 : 4 xBusiness uhttp://onlinelibrary.wiley.com/doi/10.1111/jbfa.12165/epdf c311476d311476 001040aCLbCLd2017-02-21l0r2017-02-21 00:00:00w2017-02-21yFOJ